| 000 | 01679nam a22002297a 4500 | ||
|---|---|---|---|
| 999 |
_c56718 _d56718 |
||
| 003 | Ge_BSU | ||
| 005 | 20190421015941.0 | ||
| 008 | 181218b xxu||||| |||| 00| 0 geo d | ||
| 020 | _a9789941802737 | ||
| 041 | _ageo | ||
| 080 |
_239(038) _aე-416 |
||
| 245 |
_aქართველი ხალხის ეთნოლოგიური ლექსიკონი აჭარა : / _cნუგზარ მგელაძე , თემურ ტუნაძე , ლია მელიქიშვილი , რედაქტორი: როინ მეტრეველი |
||
| 264 |
_aბათუმი : _b,,გამომცემლობა სამშობლო", _c2018. |
||
| 300 |
_a640 გვ. _bილ. |
||
| 490 | _a:ბათუმის შოთა რუსთაველის სახელმწიფო უნივერსიტეტი, ჰუმანიტარულ მეცნიერებათა ფაკულტეტი, ქართველოლოგიური კვლევის ცენტრი | ||
| 504 | _aბიბლიოგრ:. გვ.631-640 | ||
| 653 | _aეთნოლოგია | ||
| 653 | _aისტორია | ||
| 700 |
_aთემურ ტუნაძე , ლია მელიქიშვილი , რედაქტორი: როინ მეტრეველი _9100 |
||
| 710 | _4ბათუმის შოთა რუსთაველის სახელმწიფო უნივერსიტეტის ქართველოლოგიური კვლევის ცენტრი | ||
| 942 |
_2udc _cBK _h39(038) _iე-416 _639038_ე416 |
||